00789nam a2200193 a 4500008004100000020003200041040002500073041001300098044001100111080001600122100003500138245012800173250001300301260004900314300002800363500014900391700003100540700002400571951121s1989||||[C 0 slo c c18 Kčs. q(18000 výtl.) aSNKbslocSNKeAACR21 aslohrus axocSK a141.82(081)1 aLenin, Vladimir Iľjič4aut10aZobrané spisy. /Zv./ 50bLIsty. Október 1917-jún 1919cVladimir Iľjič Lenin ; Viera Havránková, Oto Takáč a2., vyd. aBratislavabPravdac1989eBratislavafPravda a704 s., 31,15 AHc21 cm aLit. 13. Faksim. rkp. Pozn. Reg. lit. prác a prameňov. Men. a vec. reg. Zozn. Bibliogr. údaje o dokumentoch. 13 zázn. v slov. a češ.1 aHavránková, Viera4trl1 aTakáč, Oto4bkd